| 000 | 00457pab a2200181 454500 | ||
|---|---|---|---|
| 008 | 180718b2011 xxu||||| |||| 00| 0 eng d | ||
| 100 | _aChauhan, Balraj | ||
| 245 | _aChange and challenges for the Indian prison administration | ||
| 260 | _c2011 | ||
| 300 | _ap.69-86. | ||
| 362 | _aJan-Mar | ||
| 650 | _aPrisoners - India | ||
| 650 | _aPrisoners | ||
| 700 | _aSrivastava, Mridul | ||
| 773 | _aIndian Police Journal | ||
| 908 | _aN | ||
| 909 | _a93970 | ||
| 999 |
_c93970 _d93970 |
||